|
|
|
|
| LEADER |
00000nam0a2200000 4500 |
| 001 |
193776 |
| 005 |
20231101224520.0 |
| 010 |
|
|
|a 9785922111904
|
| 035 |
|
|
|a (RuTPU)RU\TPU\book\211324
|
| 090 |
|
|
|a 193776
|
| 100 |
|
|
|a 20110328d2009 k y0rusy50 ca
|
| 101 |
0 |
|
|a rus
|
| 102 |
|
|
|a RU
|
| 105 |
|
|
|a y z 001zy
|
| 200 |
1 |
|
|a Осцилляционный метод Штурма в спектральных задачах
|f Ю. В. Покорный [и др.]
|
| 210 |
|
|
|a Москва
|c Физматлит
|d 2009
|
| 215 |
|
|
|a 192 с.
|
| 320 |
|
|
|a Библиогр.: с. 184-187.
|
| 320 |
|
|
|a Предметный указатель: с. 188-191.
|
| 330 |
|
|
|a Книга посвящена изложению новых математических методов, развитых для доказательства осцилляционности спектра стилтьесовской струны. Главное направление развития классических методов — разработка математического анализа (на базе интеграла Стилтьеса) для функций с разрывным аргументом, аналогично — для функций с ветвящимся аргументом, определенных на геометрических графах. Для специалистов в области дифференциальных уравнений.
|
| 606 |
1 |
|
|a Спектральные задачи
|2 stltpush
|3 (RuTPU)RU\TPU\subj\70468
|9 84727
|
| 610 |
1 |
|
|a метод Штурма
|
| 610 |
1 |
|
|a теория Штурма-Лиувилля
|
| 610 |
1 |
|
|a обыкновенные дифференциальные уравнения
|
| 610 |
1 |
|
|a краевые задачи
|
| 610 |
1 |
|
|a критическая неосцилляция
|
| 610 |
1 |
|
|a ветвления
|
| 610 |
1 |
|
|a шум
|
| 610 |
1 |
|
|a импульсные задачи
|
| 610 |
1 |
|
|a дифференциал Стилтьеса
|
| 610 |
1 |
|
|a задачи Коши
|
| 610 |
1 |
|
|a однородные уравнения
|
| 675 |
|
|
|a 517.91
|v 3
|
| 701 |
|
1 |
|a Покорный
|b Ю. В.
|g Юрий Витальевич
|
| 701 |
|
1 |
|a Бахтина
|b Ж. И.
|g Жанна Игоревна
|
| 701 |
|
1 |
|a Зверева
|b М. Б.
|g Маргарита Борисовна
|
| 701 |
|
1 |
|a Шабров
|b С. А.
|g Сергей Александрович
|
| 801 |
|
1 |
|a RU
|b 63413507
|c 20110328
|
| 801 |
|
2 |
|a RU
|b 63413507
|c 20120301
|g RCR
|
| 942 |
|
|
|c BK
|